00766nam a2200229 k 4500001001300000005001500013008004100028020003300069040001900102049001700121056001500138090002200153100001400175245010400189260004900293300001600342500005500358653003200413700001400445740006600459950001100525KMO20260069620260331090852260328s2025 ggk 000 kor a9791199223424g03680c\14000 a146043c1460430 lMEM000012273 a673.51126 a673.511b박73ㅋ1 a박정빈10aK-pop 이해하기b13가지 키워드로 정복하는 케이팝과 덕질 문화d박정빈 지음 a성남bKorea dive(코리아다이브)c2025 a192p.c19cm a코리아다이브는 왓어북의 임프린트임 aK-popa대중음악a예술1 a박정빈02a13가지 키워드로 정복하는 케이팝과 덕질 문화0 b\14000 |
|---|